| 000 | 01282nam a2200313Ia 4500 | ||
|---|---|---|---|
| 003 | OSt | ||
| 005 | 20250619152413.0 | ||
| 008 | 191128s2017 ck jr 000 f spa d | ||
| 020 | _a9789588997629 | ||
| 040 |
_aCO-JMCR _cCO-JMCR |
||
| 041 | 1 |
_aspa _heng |
|
| 082 | 0 | 4 |
_aA-N _bSVEh _223 |
| 100 | 1 |
_aSvevo, Italo, _eautor _9831 |
|
| 245 | 1 | 3 |
_aLa historia del buen viejo y la bella señorita / _cItalo Svevo ; traducción de Lizeth Burbano |
| 250 | _aPrimera edición | ||
| 260 |
_aBogotá : _bAlcaldía Mayor de Bogotá ; Instituto Distrital de las Artes Idartes, _c2017 |
||
| 300 |
_a91 páginas ; _c17 cm. |
||
| 490 | 0 |
_aLibro al viento universal ; _v127 |
|
| 500 | _aIncluye datos biográficos del autor. | ||
| 520 | _aHistoria de un amor tardío, pero también de las costumbres burguesas; drama sobre la senilidad y relato sobre la iniciación a la escritura, el tono casi de fábula que adopta Svevo en Historia del buen viejo y la muchacha hermosa. | ||
| 546 | _aTraducida del inglés | ||
| 650 | 1 | 4 |
_aNovela italiana _9832 |
| 650 | 1 | 4 |
_aLiteratura italiana _9833 |
| 650 | 1 | 4 |
_aAmor en la literatura _9634 |
| 650 | 1 | 4 |
_aAncianos en la literatura _9834 |
| 650 | 1 | 4 |
_aJóvenes en la literatura _9835 |
| 700 | 1 |
_aBurbano, Lizeth, _eautor _9836 |
|
| 942 |
_2ddc _cBK |
||
| 999 |
_c3752 _d3752 |
||